000 00734cam a22002291 4500
001 sg 45000261
003 DLC
005 20260227112746.0
008 761027s1945 moua b 000 0 eng
010 _asg 45000261
035 _a(OCoLC)2532296
040 _aDLC
_cOClU
_dOClW-H
_dDLC
042 _apremarc
050 0 0 _aRC341
_b.K3
100 1 _aKarnosh, Louis Joseph,
_d1892-
245 1 2 _aA handbook of psychiatry,
_cby Louis J. Karnosh with the collaboration of Edward M. Zucker.
260 _aSt. Louis,
_bC. V. Mosby,
_c1945.
300 _a302 p.
_billus., diagrs.
_c23 cm.
504 _a"References" at end of each chapter.
650 0 _aPsychology, Pathological
700 1 _aZucker, Edward Mitchell,
_d1913-
_ejoint author.
999 _c90659
_d90659